[Event "Challenge"]
[Site "http://www.queenalice.com/game.php?id=825782"]
[Date "2010.8.31"]
[Round "-"]
[White "mowliid12"]
[Black "Vanessahermosa"]
[Result "1-0"]
[WhiteElo "1820"]
[BlackElo "1455"]

1. e4 e5 2. Nf3 Nc6 3. Bb5 Nf6 4. Nc3 Ng4 5. O-O d6 6. d4 d5 7. exd5 exd4 8.
Nxd4 Qh4 9. h3 Ne5 10. dxc6 Qf6 11. cxb7+ Kd8 12. bxa8=Q 1-0

[Event "Challenge"]
[Site "http://www.queenalice.com/game.php?id=825952"]
[Date "2010.8.31"]
[Round "-"]
[White "MonteiroM"]
[Black "Vanessahermosa"]
[Result "1-0"]
[WhiteElo "1500"]
[BlackElo "1375"]

1. e4 e5 2. Nc3 Bc5 3. f4 Qf6 4. Nf3 Qxf4 5. d4 Qf6 6. dxc5 Na6 7. Nd5 Qc6 8.
Bxa6 bxa6 9. Nxe5 Qxc5 10. Be3 Qd6 11. O-O Qxe5 12. Bf4 Qd4+ 13. Qxd4 f6 14.
Nxc7+ Kd8 15. Nxa8 Bb7 16. Qb4 Bxa8 17. Qf8# 1-0

[Event "Challenge"]
[Site "http://www.queenalice.com/game.php?id=826192"]
[Date "2010.8.31"]
[Round "-"]
[White "Abstro"]
[Black "Vanessahermosa"]
[Result "1-0"]
[WhiteElo "1899"]
[BlackElo "1457"]

1. d4 e6 2. e4 Nf6 3. Bd3 Nc6 4. Nf3 Ng4 5. h3 Nf6 6. O-O Nh5 7. Nc3 d6 8. Nh2
Nf6 9. Be3 e5 10. d5 Na5 11. b4 b6 12. bxa5 bxa5 13. f4 Ng8 14. fxe5 dxe5 15.
Qh5 g6 16. Qxe5+ Qe7 17. Qxh8 Qh4 18. Qxg8 Qg3 19. Qxf7+ Kd8 20. Qxf8+ Kd7 21.
Rf7# 1-0

[Event "Challenge"]
[Site "http://www.queenalice.com/game.php?id=826365"]
[Date "2010.9.1"]
[Round "-"]
[White "Abstro"]
[Black "Vanessahermosa"]
[Result "1-0"]
[WhiteElo "1744"]
[BlackElo "1414"]

1. e4 e5 2. Nf3 Nc6 3. Bc4 Na5 4. Qe2 d6 5. h3 Be6 6. Bxe6 fxe6 7. Qb5+ Nc6 8.
Qxb7 Na5 9. Qb5+ c6 10. Qe2 Nf6 11. d3 Nh5 12. Nxe5 dxe5 13. Qxh5+ g6 14. Qxe5
Rg8 15. Qxe6+ Qe7 16. Qxg8 Qf7 17. Qxf7+ Kxf7 18. Bd2 Re8 19. Bxa5 g5 20. Nd2
Kg6 21. O-O Re5 22. Nc4 Re6 23. f4 g4 24. f5+ Kf6 25. fxe6+ Kxe6 26. Rxf8 a6 27.
Raf1 c5 28. R1f6+ Ke7 29. R8f7+ Ke8 30. Nd6# 1-0

[Event "Challenge"]
[Site "http://www.queenalice.com/game.php?id=826366"]
[Date "2010.9.1"]
[Round "-"]
[White "Vanessahermosa"]
[Black "Abstro"]
[Result "0-1"]
[WhiteElo "1411"]
[BlackElo "1735"]

1. e4 e5 2. Bc4 Nf6 3. Nc3 Bc5 4. Na4 Qe7 5. d3 h6 6. Be3 Bxe3 7. fxe3 Qb4+ 8.
Nc3 Qxb2 9. Na4 Qb4+ 10. c3 Qe7 11. Nf3 c6 12. Nh4 Nxe4 13. dxe4 Qxh4+ 14. g3
Qxe4 15. Rf1 Qxc4 16. Nb2 Qxc3+ 17. Qd2 Qxd2+ 18. Kxd2 d5 19. Rfe1 Bf5 20. Rf1
Bh3 21. Rf2 O-O 22. Rg1 Nd7 23. Nd3 Nf6 24. Nxe5 Ne4+ 25. Ke2 Nxf2 26. Kxf2 b6
27. Kf3 f6 28. Nd3 Bf5 29. Nf4 Rfe8 30. g4 Be4+ 31. Kf2 g5 32. Nh5 Kf7 33. Rh1
Bxh1 0-1

[Event "Challenge"]
[Site "http://www.queenalice.com/game.php?id=827778"]
[Date "2010.9.4"]
[Round "-"]
[White "Vanessahermosa"]
[Black "jamesxirb"]
[Result "1-0"]
[WhiteElo "1335"]
[BlackElo "1380"]

1. e4 e5 2. Bc4 Nh6 3. f3 c5 4. Nc3 a6 5. Nd5 b5 6. Be2 d6 7. d3 f5 8. h4 Nc6 9.
Bg5 Qd7 10. Nb6 Qb7 11. Nxa8 Qxa8 12. f4 Nd4 13. Bh5+ g6 14. Bf3 Ng4 15. Nh3 Ne3
16. Qd2 Ndxc2+ 17. Ke2 Nxa1 18. Rxa1 exf4 19. exf5 Bb7 20. Nxf4 Qc8 21. Qxe3+
Kd7 22. Qe6+ Kc7 23. Nd5+ Kc6 24. Ne7+ Kb6 25. Nxc8+ Ka5 26. Bxb7 b4 27. Bf6 Ka4
28. Bd8 Bh6 29. Qd7# 1-0

[Event "Challenge"]
[Site "http://www.queenalice.com/game.php?id=827779"]
[Date "2010.9.4"]
[Round "-"]
[White "jamesxirb"]
[Black "Vanessahermosa"]
[Result "0-1"]
[WhiteElo "1356"]
[BlackElo "1408"]

1. e4 e5 2. Nf3 Bc5 3. Qe2 Na6 4. a3 d6 5. Nc3 f6 6. d3 Bg4 7. b4 Bb6 8. Nd5 Ne7
9. h3 Bh5 10. g4 Bf7 11. d4 Ng6 12. Bg2 exd4 13. b5 Nc5 14. Nxd4 O-O 15. Nf5 Re8
16. Bb2 Nf4 17. Qf1 Nxe4 18. Nxf4 Ng3+ 19. Kd1 Nxf1 20. Rxf1 Ba5 21. Bxb7 Rb8
22. Bc6 Rf8 23. c3 Bb3+ 24. Kc1 d5 25. Ne6 Qc8 26. Nxf8 Qxf8 27. Bxd5+ Bxd5 28.
f3 Bb3 29. a4 Rd8 30. Re1 g6 31. Ne7+ Kg7 32. Ra3 Bc4 33. Nc6 Bxc3 34. Rxc3 Rd7
35. Ba3 Qf7 36. f4 Qd5 37. Nxa7 Qd2+ 38. Kb1 Qxe1+ 39. Bc1 Bf7 40. Kb2 Qe2+ 41.
Ka3 c5 42. Nc6 Qa2# 0-1

[Event "Challenge"]
[Site "http://www.queenalice.com/game.php?id=827780"]
[Date "2010.9.4"]
[Round "-"]
[White "Vanessahermosa"]
[Black "jamesxirb"]
[Result "1-0"]
[WhiteElo "1357"]
[BlackElo "1372"]

1. e4 e5 2. Qf3 Nh6 3. Bc4 f6 4. d3 Bc5 5. Be3 d6 6. Nc3 Bg4 7. Qg3 Nc6 8. h3
Bh5 9. Qxg7 Nf7 10. Bxf7+ Bxf7 11. Qxh8+ Kd7 12. Qg7 Nb4 13. Rb1 Qg8 14. Qxf6
Nxc2+ 15. Ke2 Bh5+ 16. Kd2 Qxg2 17. Qf5+ Kc6 18. Nge2 Bxe3+ 19. fxe3 Bf3 20. a4
a5 21. Rbc1 Nb4 22. Rb1 Rh8 23. d4 b6 24. Rhg1 Qf2 25. dxe5 Rd8 26. e6 Re8 27.
Qb5+ Kb7 28. Qxe8 b5 29. Qxb5+ Kc8 30. Rg8# 1-0

[Event "Challenge"]
[Site "http://www.queenalice.com/game.php?id=827782"]
[Date "2010.9.4"]
[Round "-"]
[White "jamesxirb"]
[Black "Vanessahermosa"]
[Result "1/2-1/2"]
[WhiteElo "1358"]
[BlackElo "1354"]

1. e4 e5 2. Nf3 Qf6 3. Nc3 Bc5 4. Qe2 c6 5. d3 d6 6. Bg5 Qe6 7. O-O-O Bb4 8. Kd2
Qxa2 9. Ke3 Qxb2 10. Rb1 Qa3 11. Rb3 Qa5 12. h3 Bxc3 13. Qd1 Qc5+ 14. Ke2 Na6
15. Be3 Qa5 16. Qc1 Nc5 17. Ra3 Na4 18. Qb1 Bb4 19. Rb3 Nc3+ 20. Ke1 Nxb1+ 21.
Kd1 Nc3+ 22. Kc1 Qa1+ 23. Kd2 Nxe4+ 24. Ke2 Bc5 25. g4 Nef6 26. Bg2 Qa2 27. Rc1
e4 28. d4 exf3+ 29. Kxf3 Qa5 30. dxc5 d5 31. Bd4 Qd2 32. Re3+ Ne4 33. Ree1 Qxf2+
34. Bxf2 Bd7 35. Bd4 f6 36. c4 f5 37. Bxg7 fxg4+ 38. hxg4 Nh6 39. Bxh8 Bxg4+ 40.
Ke3 Nf5+ 41. Kf4 Nh6 42. Bg7 Kd7 43. Bxh6 Bh5 44. Ra1 Rg8 45. Ke5 Rxg2 46. Reb1
Rg6 47. Rxb7+ Kc8 48. Raxa7 Nxc5 49. Rxh7 Re6+ 50. Kf5 Bg6+ 51. Kf4 Bxh7 52.
Ra8+ Kb7 53. Rh8 Re4+ 54. Kf3 Bg6 55. Bg5 dxc4 56. Be3 c3 57. Bc1 c2 58. Rg8 Re1
59. Rxg6 Rxc1 60. Rg2 Rf1+ 61. Rf2 c1=Q 62. Rxf1 Qc3+ 63. Kf2 Ne4+ 64. Kg2 Qg3+
65. Kh1 Nf2+ 66. Rxf2 Qxf2 1/2-1/2

[Event "Challenge"]
[Site "http://www.queenalice.com/game.php?id=828097"]
[Date "2010.9.4"]
[Round "-"]
[White "Vanessahermosa"]
[Black "rafa_sax88"]
[Result "1-0"]
[WhiteElo "1412"]
[BlackElo "1048"]

1. e4 d6 2. Bc4 g6 3. Qf3 Nf6 4. Nh3 Bg4 5. Qe3 Bh6 6. Qc3 e5 7. O-O Nxe4 8. Qd3
Bf5 9. Qd5 O-O 10. Qxb7 Nd7 11. Qd5 Nb6 12. Qd3 Nxf2 13. Nxf2 Bxd3 14. Bxd3 Qg5
15. Nh3 Qg4 16. Nf2 Qd4 17. Na3 e4 18. Be2 Rfe8 19. Nb5 Qe5 20. Nxc7 Rec8 21.
Nxa8 Nxa8 22. Ng4 Qh5 23. Rf2 Qg5 24. b4 Qh4 25. h3 e3 26. dxe3 Bg7 27. Rb1 Qg3
28. Bd2 Rxc2 29. Rf3 Qh4 30. Rbf1 h5 31. Nf6+ Kh8 32. Ne8 Be5 33. Rxf7 Rc7 34.
Nxc7 Nxc7 35. Rxc7 Qg3 36. Rf8# 1-0

[Event "Challenge"]
[Site "http://www.queenalice.com/game.php?id=828098"]
[Date "2010.9.4"]
[Round "-"]
[White "rafa_sax88"]
[Black "Vanessahermosa"]
[Result "0-1"]
[WhiteElo "1188"]
[BlackElo "1319"]

1. e4 e5 2. Bc4 Bc5 3. Qh5 g6 4. Qxe5+ Qe7 5. Qxh8 Qxe4+ 6. Be2 Qxg2 7. Nf3
Qxh1+ 8. Bf1 Qxf3 9. Qe5+ Ne7 10. Qxc5 Qe4+ 11. Be2 d6 12. Qg5 Qxc2 13. Na3 Qe4
14. d3 Qb4+ 15. Bd2 Qxb2 16. Rb1 Qxa3 17. Bb4 Qxa2 18. Rd1 Nbc6 19. Qh6 Be6 20.
Bc3 O-O-O 21. Ra1 Qb3 22. Qc1 Qd5 23. Qb2 Ne5 24. Qa3 a6 25. Ba5 Rd7 26. Qc1 Bf5
27. Bd1 Nxd3+ 28. Kd2 Nxc1+ 29. Kxc1 b6 30. Bd2 Qc5+ 31. Kb2 a5 32. f3 Qd4+ 33.
Bc3 Qc5 34. f4 Qb5+ 35. Bb3 Be6 36. Ra3 a4 37. Rxa4 Qe2+ 38. Bc2 Qb5+ 39. Rb4
Qa5 40. Re4 Qa2+ 41. Kc1 Qa3+ 42. Bb2 Qf3 43. Rd4 Nd5 44. Bd3 Qh1+ 45. Kc2 Ne3+
46. Kd2 Qd1+ 47. Kc3 Qb3+ 48. Kd2 c5 49. Rc4 Nxc4+ 0-1

[Event "Challenge"]
[Site "http://www.queenalice.com/game.php?id=828947"]
[Date "2010.9.6"]
[Round "-"]
[White "Vanessahermosa"]
[Black "miltonferreira"]
[Result "1-0"]
[WhiteElo "1416"]
[BlackElo "1498"]

1. e4 e5 2. Bc4 Nf6 3. Nc3 c6 4. d3 d6 5. Nf3 b5 6. Bb3 Qa5 7. O-O b4 8. Na4 c5
9. Ng5 Bg4 10. Qd2 Nc6 11. Nxf7 Nd4 12. Nxd6+ Bxd6 13. Qg5 Ne2+ 14. Kh1 Be7 15.
Qxg7 Kd7 16. Qf7 Nd4 17. Bg5 Raf8 18. Qg7 Nxb3 19. axb3 Qd8 20. Be3 Qe8 21.
Nxc5+ Kc8 22. Rxa7 Rf7 23. Qh6 Nd7 24. Qa6+ Kd8 25. Nb7+ Kc7 26. Nd6+ Kd8 27.
Qc8# 1-0

[Event "Challenge"]
[Site "http://www.queenalice.com/game.php?id=828948"]
[Date "2010.9.6"]
[Round "-"]
[White "miltonferreira"]
[Black "Vanessahermosa"]
[Result "1-0"]
[WhiteElo "1487"]
[BlackElo "1329"]

1. e4 e5 2. Bc4 Qf6 3. Qf3 Qxf3 4. Nxf3 Nc6 5. Nc3 Bc5 6. Nd5 Bd6 7. d3 Nb4 8.
O-O Nxc2 9. Rb1 Bf8 10. Nxc7+ Kd8 11. Nxa8 b6 12. Nxe5 Nh6 13. Bf4 Bb7 14. Rbc1
Nd4 15. Bd5 Ne2+ 16. Kh1 Nxc1 17. Rxc1 Bxa8 18. Bxa8 Bd6 19. d4 f6 20. Nd3 Be7
21. Bc7+ Ke8 22. Bd5 g5 23. Bb8 d6 24. Rc8+ Bd8 25. Bc6+ Ke7 26. Bxa7 Nf7 27.
Nb4 Nh6 28. Bd5 Ng4 29. Nc6+ Kd7 30. Rb8 Re8 31. Rb7+ Bc7 32. Bxb6 Rc8 33. Na7
Rd8 34. Rxc7+ Ke8 35. Nc6 Rc8 36. Bf7+ Kf8 37. Rxc8+ Kg7 38. Bh5 Nxf2+ 39. Kg1
Nxe4 40. Ne7 Kh6 41. g4 Nd2 42. Nf5# 1-0

[Event "Challenge"]
[Site "http://www.queenalice.com/game.php?id=829102"]
[Date "2010.9.7"]
[Round "-"]
[White "rafa_sax88"]
[Black "Vanessahermosa"]
[Result "1-0"]
[WhiteElo "1121"]
[BlackElo "1354"]

1. e4 e5 2. Nc3 Nc6 3. Nf3 Bc5 4. Bc4 d6 5. Nd5 Na5 6. Bb5+ c6 7. Bc4 cxd5 8.
Bxd5 Bg4 9. c3 Qf6 10. Qa4+ Nc6 11. O-O Qg6 12. b4 Bh3 13. Nh4 Qg5 14. g3 Nf6
15. d4 Bb6 16. Bxg5 Bxf1 17. Rxf1 Nh5 18. b5 O-O 19. Qd1 g6 20. dxe5 Nxe5 21.
Bh6 Rfe8 22. Bxb7 Rab8 23. Bd5 Rbc8 24. g4 Nf4 25. Bxf4 Nd7 26. Qb3 Nf6 27.
Bxf7+ Kf8 28. Bxd6+ Kg7 29. g5 Rxe4 30. gxf6+ Kxf6 31. c4 Kxf7 32. c5+ Kg7 33.
cxb6 axb6 34. Qb2+ Kh6 35. Qd2+ Kg7 36. f3 Rxh4 37. Be5+ Kf7 38. Qd7+ Kf8 39.
Qxc8+ Kf7 40. Qd7+ Kg8 41. Qd8+ Kf7 42. Qxh4 Kf8 43. Qxh7 g5 44. Qg7+ Ke8 45.
Rc1 Kd8 46. Qc7+ 1-0

[Event "Challenge"]
[Site "http://www.queenalice.com/game.php?id=829670"]
[Date "2010.9.8"]
[Round "-"]
[White "MichelTA"]
[Black "Vanessahermosa"]
[Result "1-0"]
[WhiteElo "1435"]
[BlackElo "1347"]

1. e4 e5 2. Bc4 Nc6 3. Bd5 Qf6 4. Nc3 a6 5. Nf3 Nb4 6. O-O Qg6 7. Nxe5 Qf6 8.
Nd3 Nxd3 9. cxd3 d6 10. b4 Qg6 11. g3 Bh3 12. Qa4+ b5 13. Nxb5 Kd8 14. Re1 Rc8
15. Qxa6 Kd7 16. Bb2 Nh6 17. Rac1 Be7 18. Bb7 Rcd8 19. Rxc7+ Ke6 20. Bd5# 1-0

[Event "Challenge"]
[Site "http://www.queenalice.com/game.php?id=830004"]
[Date "2010.9.9"]
[Round "-"]
[White "cadinho10"]
[Black "Vanessahermosa"]
[Result "1-0"]
[WhiteElo "1500"]
[BlackElo "1379"]

1. e4 e5 2. Nf3 Nc6 3. Bb5 d6 4. d4 Bd7 5. O-O Qf6 6. d5 Nb8 7. Bxd7+ Nxd7 8. c4
O-O-O 9. Bg5 Qg6 10. Bxd8 Kxd8 11. Nc3 a6 12. b4 h5 13. Qd2 h4 14. Qg5+ Qxg5 15.
Nxg5 Nh6 16. Nd1 Nf6 17. Ne3 Nxe4 18. f4 Nd2 19. Rfd1 f6 20. Ne6+ Kc8 21. Rxd2
f5 22. Nxf8 Rxf8 23. Rf1 b6 24. a4 Nf7 25. Nxf5 g6 26. Ne7+ Kd8 27. Nxg6 Rg8 28.
Nxh4 Rg4 29. g3 1-0

[Event "Challenge"]
[Site "http://www.queenalice.com/game.php?id=830832"]
[Date "2010.9.10"]
[Round "-"]
[White "menzo"]
[Black "Vanessahermosa"]
[Result "0-1"]
[WhiteElo "1027"]
[BlackElo "1435"]

1. d4 e6 2. h4 e5 3. Nf3 e4 4. Nfd2 d5 5. Nc3 Nc6 6. e3 Nf6 7. f3 exf3 8. gxf3
Nh5 9. Rg1 Nb4 10. Rg4 Bxg4 11. fxg4 Qxh4+ 12. Ke2 Ng3+ 13. Kf3 Ne4 14. Ncxe4
dxe4+ 15. Nxe4 Qh1+ 16. Kf4 Nd5+ 17. Kf5 Ne7+ 18. Kf4 Nd5+ 19. Ke5 c6 20. Bd2
f6+ 21. Kf5 Qh2 22. Qf3 Kd7 23. c4 g6# 0-1

[Event "Challenge"]
[Site "http://www.queenalice.com/game.php?id=832565"]
[Date "2010.9.14"]
[Round "-"]
[White "Vanessahermosa"]
[Black "Alexandre_lima"]
[Result "0-1"]
[WhiteElo "1311"]
[BlackElo "1309"]

1. e4 d5 2. e5 f6 3. exf6 Nxf6 4. b3 Bg4 5. f3 Bh5 6. g4 Bg6 7. d4 h5 8. g5 c6
9. Nh3 h4 10. gxf6 gxf6 11. Bd2 Rh5 12. Nf4 Rg5 13. Nc3 Nd7 14. Ne6 Qb6 15. Nxg5
fxg5 16. Rg1 Qxd4 17. Rxg5 Ne5 18. f4 Bh6 19. Rg2 h3 20. Rf2 Nf7 21. Bxh3 a5 22.
Qg4 Nh8 23. f5 Qxg4 24. Bxg4 Bh7 25. Bxh6 Nf7 26. Bf4 d4 27. Ne4 Rd8 28. Nc5 e5
29. Re2 b6 30. Ne6 Ke7 31. Ng7 Kd6 32. Bd2 Rg8 33. f6 Bxc2 34. Be6 d3 35. Re3
Rh8 36. h3 Ng5 37. Bf5 Rh4 38. Bxd3 Bxd3 39. Rxd3+ Kc5 40. Be3+ Rd4 41. Rc3+ Kd5
42. Bxg5 Re4+ 43. Be3 c5 44. Rd3+ Kc6 45. Rad1 Kb5 46. a4+ Ka6 47. Kd2 b5 48.
Rd6+ Kb7 49. axb5 Kc7 50. Bxc5 Rh4 51. b6+ Kb7 52. Rd7+ Kc6 53. Kc2 Kxc5 54.
Ne6+ Kxb6 0-1

[Event "Challenge"]
[Site "http://www.queenalice.com/game.php?id=832570"]
[Date "2010.9.14"]
[Round "-"]
[White "Alexandre_lima"]
[Black "Vanessahermosa"]
[Result "1-0"]
[WhiteElo "1281"]
[BlackElo "1414"]

1. Nf3 d5 2. c4 dxc4 3. Na3 Be6 4. Qa4+ Qd7 5. Qd1 Nc6 6. e4 Nd4 7. Bxc4 Bxc4 8.
Nxc4 Nb5 9. Nce5 Qe6 10. Qc2 f6 11. Nc4 f5 12. Nce5 fxe4 13. Qxe4 c6 14. Ng5 Nd6
15. Qe3 h6 16. Nxe6 Nf6 17. Nc7+ Kd8 18. Nxa8 Nd5 19. Qxa7 e6 20. b4 Nxb4 21.
Nxc6+ Ke8 22. Nxb4 Be7 23. Nc7+ Kf7 24. Rb1 Ne4 25. Qxb7 g5 26. Qxe4 Rc8 27.
Qh7+ Kf6 28. Qxh6+ Kf7 29. Nxe6 Ke8 30. Qh8+ Kd7 31. Qe5 1-0

[Event "Challenge"]
[Site "http://www.queenalice.com/game.php?id=832571"]
[Date "2010.9.14"]
[Round "-"]
[White "Alexandre_lima"]
[Black "Vanessahermosa"]
[Result "1-0"]
[WhiteElo "1258"]
[BlackElo "1437"]

1. h4 d5 2. Nc3 Nf6 3. f3 Nc6 4. e4 d4 5. Na4 Bd7 6. Qe2 e6 7. e5 Nd5 8. c4 Ndb4
9. d3 f6 10. a3 Na6 11. f4 f5 12. Nc5 Nxc5 13. b4 Nb3 14. Rb1 Nxc1 15. Rxc1 Qe7
16. c5 O-O-O 17. Qb2 Qf7 18. h5 h6 19. b5 Na5 20. b6 axb6 21. cxb6 c6 22. Qd2
Nb3 23. Qc2 Nxc1 24. Qxc1 Bc5 25. Qxc5 g6 26. Be2 g5 27. Qa5 Be8 28. Qa8+ Kd7
29. Qxb7# 1-0

[Event "Challenge"]
[Site "http://www.queenalice.com/game.php?id=836185"]
[Date "2010.9.22"]
[Round "-"]
[White "Vanessahermosa"]
[Black "jamesxirb"]
[Result "1-0"]
[WhiteElo "1393"]
[BlackElo "1320"]

1. e4 e5 2. Qf3 f6 3. Nh3 c6 4. Bc4 b5 5. Bb3 Na6 6. g4 Nb4 7. Na3 Ba6 8. d3 Ne7
9. g5 Ng8 10. gxf6 gxf6 11. Rg1 Bb7 12. Bxg8 d5 13. Bd2 f5 14. Qxf5 Bc8 15. Qf7#
1-0

[Event "Challenge"]
[Site "http://www.queenalice.com/game.php?id=836187"]
[Date "2010.9.22"]
[Round "-"]
[White "jamesxirb"]
[Black "Vanessahermosa"]
[Result "1-0"]
[WhiteElo "1307"]
[BlackElo "1406"]

1. e4 e6 2. d4 d5 3. f3 Nc6 4. c3 Nf6 5. Nd2 e5 6. Ne2 exd4 7. cxd4 dxe4 8. fxe4
Nxd4 9. e5 Ne4 10. Nxe4 Bf5 11. Qxd4 Bd7 12. Bg5 Be7 13. N2c3 c6 14. Qc4 Bxg5
15. Rd1 Bf4 16. Nd6+ Kf8 17. Qxf7# 1-0